| 000 | 00442cam a22001457a 4500 | ||
|---|---|---|---|
| 008 | 180718b1984 xxu||||| |||| 00| 0 eng d | ||
| 082 | _aAPPPA 83-84 BAS | ||
| 100 | _aBasu, A.K. | ||
| 245 |
_aWork motivation of running staff of Indian railways _cby A.K. Basu |
||
| 260 |
_aNew Delhi _bIndian Institute of Public Administration _c1984 |
||
| 300 | _a100+p. | ||
| 650 | _aIndian railways | ||
| 650 | _aRunning staff | ||
| 650 | _aWork motivation | ||
| 999 |
_c501298 _d501298 |
||